000 00912am a2200301a 44500
003 AR-BaBNM
005 20251128210613.0
008 250020s2000 #AR|||||||||||000 | spa||
020 _a950-892-086-6
040 _cAR-BaBNM
100 1 _aDurán, Diana
245 1 0 _aEl crepúsculo de la buena tierra
_braíces geográficas de la educación ambiental
260 _aBuenos Aires
_bLugar Editorial
_c2000
300 _a93 p.
_bmapas, tablas, il.
490 0 _aLugar docente
504 _aContiene referencias bibliográficas p. 93
650 4 _aEDUCACION AMBIENTAL
650 4 _aENSEÑANZA DE LA GEOGRAFIA
650 4 _aENSEÑANZA DE LAS CIENCIAS SOCIALES
650 4 _aACTIVIDADES DE APRENDIZAJE
650 4 _aRECURSOS NATURALES
651 4 _aArgentina
653 _aTEMAS TRANSVERSALES
653 _aPROYECTOS DE AULA
800 1 _aDurán, Diana
_edirector
942 _cBK
998 _cRaquel
999 _c16133
_d16133